000 00555nam a2200229 a 4500
001 0001-1011
003 ELIB.Books
008 141022 2010 eng
020 _a10 0 232
035 _a(ELIB.Books)0001-1165
092 _a230
_bDea
100 _aDeane-Drummond
245 _aEco-Theology
260 _aTrowbridge:
_bThe Cromwell Press
_c2008
300 _a240
_c20.7 Cm
520 _aTheology
856 _nKBTS; Library
_uKBTS; Elib.
942 _2ddc
_cBK
990 _a1
998 _cbat
_e2014-10-22
999 _c11011
_d11011